| 000 | 00576nam a22002057a 4500 | ||
|---|---|---|---|
| 999 |
_c5816 _d5816 |
||
| 001 | 2748 | ||
| 003 | BD-DhUAP | ||
| 005 | 20201221141110.0 | ||
| 008 | 201220s1980 nyua|||| |||| 001 0 eng d | ||
| 020 | _a0471034088 | ||
| 040 |
_aBD-DhUAP _bEng _cBD-DhUAP _dBD-DhUAP |
||
| 082 |
_223 _a658 SHA |
||
| 100 | _aShannon, Robert E. | ||
| 245 |
_aEngineering management / _cRobert E. Shannon. |
||
| 260 |
_aNew York : _bWiley, _cc1980. |
||
| 300 |
_axv, 378 pages : _billustrations ; _c22 cm. |
||
| 500 | _aIncludes index. | ||
| 650 |
_aEngineering _vManagement. |
||
| 942 |
_2ddc _cBK |
||